000
00187 a2200097 4500
020
_a
9781596464926
041
_a
spa
100
_a
Mazzeo, J.L.
245
_a
El libro M de Mia
942
_c
BK
999
_c
11863
_d
11863